2000s Movies by Cast II Quiz Stats

Quiz Updated May 23, 2013

Challenge
Share
Tweet
Embed
Score 0/30 Timer 06:00
0 Plays Today
Cast 2000s Movie % Correct
Uma Thurman, Lucy Liu, Daryl Hannah, David CarradineKill Bill
90.6%
Christian Bale, Michael Caine, Heath Ledger, Aaron EckhartThe Dark Knight
88%
Elijah Wood, Viggo Mortensen, Ian McKellen, Sean AstinLord of The Rings: The Fellowship of the Ring
87.2%
Clint Eastwood, Hilary Swank, Morgan Freeman, Jay BaruchelMillion Dollar Baby
80.7%
Ellen Page, Michael Cera, Jennifer Garner, Jason BatemanJuno
79%
Russell Crowe, Joaquin Phoenix, Connie Nelson, Oliver ReedGladiator
73.6%
Will Ferrell, Christina Applegate, Steve Carell, Paul RuddAnchorman: The Legend of Ron Burgandy
73.6%
Sacha Baron Cohen, Ken Davitian, Luenell, ChesterBorat: Cultural Learnings of America...
72.9%
Dev Patel, Saurabh Shukla, Anil Kapoor, Rajendranath ZutshiSlumdog Millionaire
71%
Leonardo DiCaprio, Tom Hanks, Christopher Walken, Martin SheenCatch Me If You Can
70.7%
Josh Brolin, Javier Bardem, Tommy Lee Jones, Kelly MacdonaldNo Country for Old Men
66.6%
Michael Cera, Jonah Hill, Christopher Mintz-Plasse, Bill HaderSuperbad
66.4%
Will Ferrell, John C. Reilly, Mary Steenburgen, Richard JenkinsStep Brothers
61.4%
Ben Stiller, Owen Wilson, Christine Taylor, Will FerrellZoolander
57.7%
Brad Pitt, Mélanie Laurent, Christoph Waltz, Eli RothInglourious Basterds
55.4%
Cast 2000s Movie % Correct
Natalie Portman, Hugo Weaving, Stephen Rea, Stephen FryV For Vendetta
54.8%
Jim Carrey, Kate Winslet, Kirsten Dunst, Mark RuffaloEternal Sunshine of the Spotless Mind
53.8%
Leonardo DiCaprio, Cameron Diaz, Daniel Day-Lewis, Jim BroadbentGangs of New York
53.6%
Adrien Brody, Emilia Fox, Michal Zebrowski, Ed StoppardThe Pianist
53%
Denzel Washington, Ethan Hawke, Scott Glenn, Tom BerengerTraining Day
52.1%
Tom Cruise, Jamie Foxx, Jada Pinkett Smith, Mark RuffaloCollateral
43.9%
Guy Pearce, Carrie-Anne Moss, Joe Pantoliano, Mark Boone JuniorMemento
43.3%
Mel Gibson, Joaquin Phoenix, Rory Culkin, Abigail BreslinSigns
42.5%
Audrey Tautou, Mathieu Kassovitz, Rufus, Claire MaurierAmélie
39%
Viggo Mortensen, Maria Bello, Ed Harris, William HurtA History of Violence
38.3%
Patrick Fugit, Kate Hudson, Jason Lee, Zooey DeschanelAlmost Famous
32.1%
Ellen Burstyn, Jared Leto, Jennifer Connelly, Marlon WayansRequiem for a Dream
30.7%
Josh Hartnett, Ewan McGregor, Tom Sizemore, Eric BanaBlack Hawk Down
30%
Al Pacino, Robin Williams, Hilary Swank, Oliver 'Ole' ZemenInsomnia
24.6%
Eric Bana, Daniel Craig, Marie-Josée Croze, Ciarán HindsMunich
24.2%

You're not logged in!

Compare scores with friends on all Sporcle quizzes.
Sign Up with Email
OR
Log In

You Might Also Like...

Show Comments

Extras

Top Quizzes Today


Score Distribution

Your Account Isn't Verified!

In order to create a playlist on Sporcle, you need to verify the email address you used during registration. Go to your Sporcle Settings to finish the process.